000 00701nam a2200205 a 4500
001 000041767
005 20201002035737.0
008 131017s2002 ck 000 0 eng d
020 _a9789580116158
040 _aDO-SdBNP
_beng
_cBNPHU
082 _axxxxx
_bxxxxx
100 1 _aHarris, Dorothy Joan,
_d1931-
_968619
245 1 0 _aMelany :
_bhistoria de una anoréxica /
_cDorothy Joan Harris ; traducción Juan Manuel Pombo Abondano.
260 _aBogotá :
_bNorma,
_c2002.
300 _a207 p. ;
_c21 cm.
650 4 _aNovela juvenil canadiense
_968620
650 4 _aAnorexia en niños-novela juvenil
_968621
650 4 _aJóvenes-novela
_968622
700 1 _aPombo Abondano, Juan Manuel,
_etr.
_968623
999 _c41256
_d41256